LDR 01241naa#a2200253#i#450# 001 RU\\bibl\117100 005 20260419141751.7 011 ## _a2076-0655 100 ## _a20251227b2025####ek#y0rusy0150####ca 101 0# _aRUS 102 ## _aRU 200 1# _aЛЕГКИЕ КЕРАМИЧЕСКИЕ ИЗДЕЛИЯ С ПРИМЕНЕНИЕМ ДРОБЛЕНОГО ПЕНОСТЕКЛА _eЖурнальная статья 210 1# _aМосква _cИндивидуальный Предприниматель Самченко Светлана Васильевна _d2025 215 ## _a8 с. 606 ## _aТехника и технологии строительства. 08.06.01 _2local 608 ## _aЖурнальная статья _2local 675 ## _aКирпичи (керамические). 691.421 _zRUS 686 ## _aСтроительные материалы и изделия. 383 _2bbk 686 ## _aСтроительство. 54 _2tbk 686 ## _aСтроительные материалы и изделия. 67.09 _2grnti 700 #1 _aНиколаев _gДаниил Романович 700 #1 _aЖуков _gАлексей Дмитриевич 700 #1 _aМедведев _gАндрей Александрович 856 4# _atsilicates.ru _u